| 000 | 00394nam a22001217a 4500 | ||
|---|---|---|---|
| 999 |
_c10103 _d10103 |
||
| 003 | OSt | ||
| 008 | 201218b ||||| |||| 00| 0 eng d | ||
| 245 | _aInvertis Journal of Science and Technology | ||
| 250 | _a2013(Jan-Mar Vol,6 No.1, Apr-Jun Vol.6 No.2, Jul-Sep Vol.6 No.3, Oct-Dec Vol.6 No.4) | ||
| 260 |
_aNew Delhi _bInvertis University |
||
| 650 | _aInformation Technology | ||
| 942 |
_2ddc _cBV |
||